Normal view
MARC view
- Nadeem, Maryam
Entry Personal Name
001 - CONTROL NUMBER
- control field: 123325
003 - CONTROL NUMBER IDENTIFIER
- control field: NUST
005 - DATE AND TIME OF LATEST TRANSACTION
- control field: 20240606163605.0
008 - FIXED-LENGTH DATA ELEMENTS
- fixed length control field: 240606|| aca||aabn | a|a d
040 ## - CATALOGING SOURCE
- Original cataloging agency: NUST
- Transcribing agency: NUST
100 ## - HEADING--PERSONAL NAME
- Personal name: Nadeem, Maryam
670 ## - SOURCE DATA FOUND
- Source citation: Work cat.: (NUST): Nadeem, Maryam , Predicting Alzheimer's Disease Progression Using Multimodal Longitudinal Analysis: A Machine Learning Approach /
